Clubs d'Île-de-France en U19 National (2025/2026) - Statistiques

Statistiques générales
  • Ce quiz a été pris 32 fois
  • Le résultat moyen est 4 sur 6
Statistiques - réponses
Groupe Département Club % Correct
A 75 / 78 Paris-Saint-Germain FC
93%
A 75 Paris FC
89%
B 93 FC 93 BBG
59%
A 75 / 92 Racing Club de France / Colombes
52%
A 95 AAS Sarcelles
48%
B 93 Montfermeil FC
44%
Aucun quiz correspondant
Distribution des résultats
% des personnes avec chaque résultat
Percentile par nombre de réponses
Votre historique - résultats
Vous n’avez pas pris ce quiz